000 01062cam a2200229 4500
001 ABS61477
008 000000n1999 000 0 eng u
035 _a(Sirsi) u102061
100 _aAtkinson, D.
245 _aConflicts over the status of adjudication
260 _c1999
490 _aConstruction News
_v(6641) 11 November 1999, 35(1)
520 _aConsiders "A&D Maintenance v Pagehurst Construction" where the court rules that where a contract has come to an end, disputes arising from out of the contract which were to be adjudicated, still remain subject to adjudication provisions.
590 _aABS
650 _aMANAGEMENT-DISPUTE AVOIDANCE, MANAGEMENT AND RESOLUTION-DISPUTE MANAGEMENT AND RESOLUTION-ALTERNATIVE DISPUTE RESOLUTION-ADJUDICATION
650 _aTERMINATION OF CONTRACT
650 _aA AND D MAINTENANCE AND CONSTRUCTION LTD V PAGEHURST CONSTRUCTION SERVICES LTD
650 _aCONTRACT DISPUTES
650 _aBUILT ENVIRONMENT-BUILDING CONTRACT FORMS
690 _aBUILT ENVIRONMENT-BUILDING CONTRACT FORMS
942 _n0
999 _c61153
_d61153